Integral humanism : (Record no. 145565)

MARC details
000 -LEADER
fixed length control field 00531nam a22001697a 4500
010 ## - LCCN (DPL NO)
LC control number ENG-120484
020 ## - INTERNATIONAL STANDARD BOOK NUMBER
International Standard Book Number 9789386231741
Terms of availability 250.00
035 ## - SYSTEM CONTROL NUMBER
System control number EN-104016
037 ## - SOURCE OF ACQUISITION
Source of stock number/acquisition DBAD/PUB
082 ## - DEWEY DECIMAL CLASSIFICATION NUMBER
Classification number 144.0954
100 ## - MAIN ENTRY--PERSONAL NAME
Personal name Upadhaya,Deendayal
245 ## - TITLE STATEMENT
Title Integral humanism :
Statement of responsibility, etc by Deendayal Upadhyaya
Remainder of title an analysis of some basic elements /
260 ## - PUBLICATION, DISTRIBUTION, ETC. (IMPRINT)
Place of publication, distribution, etc New Delhi
Name of publisher, distributor, etc Prabhat Prakashan
Date of publication, distribution, etc 2016
270 ## - ADDRESS
Address 4/19 Asaf Ali Road
City New Delhi
Postal code 110002
300 ## - PHYSICAL DESCRIPTION
Extent 141p.
Dimensions 22cm(H.b)
942 ## - ADDED ENTRY ELEMENTS (KOHA)
Source of classification or shelving scheme Dewey Decimal Classification
Item type English Books
Classification part 144.0954
Call number suffix UPA
Holdings
Withdrawn status Lost status Not for loan Collection code Home library Current library Date acquired Source of acquisition Cost, normal purchase price Full call number Barcode Copy number Cost, replacement price Koha item type
    Not For Loan Non-fiction D.B.Act.Division Bawana 26/09/2017 DBAD/PUB 250.00 144.0954 UPA EN-104016 1 250.00 English Books

© Delhi Public Library
Hit Counter
free hit counter